Un Cavallo Perla Strega

-д хадгалсан:
Номзүйн дэлгэрэнгүй
Үндсэн зохиолч: Agatha Christie
Формат: Ном
Хэл сонгох:Тодорхойгүй
Хэвлэсэн: Mondatori
Шошгууд: Шошго нэмэх
Шошго байхгүй, Энэхүү баримтыг шошголох эхний хүн болох!

MARC

LEADER 00000nam a2200000Ia 4500
001 R-818
003 CODICE-MESSINA
005 20260212102458.0
008 260211s9999 xx 000 0 und d
040 |c importazione_messina 
100 |a Agatha Christie 
245 0 |a Un Cavallo Perla Strega 
260 |b Mondatori 
942 |2 ddc  |c BK 
952 |0 0  |1 0  |2 ddc  |4 0  |6 SCAFFALE_7_000000000000000__ROMANZI  |7 0  |9 31645  |a ME  |b ME  |d 2026-02-11  |l 0  |o SCAFFALE 7 - ROMANZI  |p R-818  |r 2026-02-11 23:52:41  |w 2026-02-11  |x [REVISIONARE]  |y BK 
999 |c 27310  |d 27310